Statistiken für hic haec hoc

Klicken Sie hier um das Quiz zu spielen!

Allgemein

  • Dieses Quiz wurde 402 mal gespielt
  • Das Durchschnittsergebnis liegt bei 17 aus 22

Antwortstatistiken

HintAntwort% Korrekt
1. Fallhic
100%
haec
99%
hoc
99%
2. Fallhuius
93%
hoc
78%
3. Fallhuic
78%
hac
77%
hae
77%
1. Fallhi
77%
hoc
77%
6. Fallhoc
76%
2. Fallhorum
76%
horum
76%
hanc
75%
harum
75%
4. Fallhunc
73%
haec
71%
3. Fallhis
70%
has
69%
4. Fallhos
69%
6. Fallhis
68%
haec
66%

Verteilung der Resultate

Perzentil nach korrekt beantworteten Fragen

Anzahl Personen mit jedem Resultat

Ihre Resultats-Entwicklung

Sie haben dieses Quiz noch nicht gespielt